000 00473nam a2200181Ia 4500
003 LK-CoDNM
008 010623t1999 xxu||||| |||| 00| 1 sin d
040 _aLK-CoDNM
_dLK-CoDNM
_eLK-CoDNM
041 _asin
080 _a351.713
_bKAR
100 _aKaraalasinham, Indran
245 _aභාණ්ඩ හා සේවා බද්ද
246 _aGST
260 _bS.Godage
_aColombo 10
_c1999
300 _b152, 21.5 cm
700 _aKaraalasinham, P.
942 _cBK
999 _c119760
_d119760